Los cuadernos de Malte Laurids Brigge

Uloženo v:
Podrobná bibliografie
Hlavní autor: Rilke, Rainer Maria (Autor)
Médium: Kniha
Jazyk:španělština
Vydáno: Buenos Aires Losada 1941
Vydání:1a. ed
Edice:Colección la Pajarita de Papel
Témata:
Tagy: Přidat tag
Žádné tagy, Buďte první, kdo vytvoří štítek k tomuto záznamu!

MARC

LEADER 00000cam a2200000 a 4500
001 UCU0768
003 CL-VaPUC
008 960329e19410000AG |||||||||||||||||spa|d
082 0 4 |a 891.8603  |b RIL  |2 21 
100 |a Rilke, Rainer Maria  |e author  |9 265571 
245 1 4 |a Los cuadernos de Malte Laurids Brigge 
250 |a 1a. ed 
300 |a 243 p 
942 |c BK 
945 |d 19960329 00:00:00  |a rleighto 
260 |a Buenos Aires  |b Losada  |c 1941 
650 7 |a PROSA CHECOESLOVACA  |2 CL-VaPUC  |9 356174 
583 |a last modification  |c 20140929 10:40:28  |k Rodrigo Vera 
490 0 |a Colección la Pajarita de Papel 
999 |c 245578  |d 245576 
952 |0 0  |1 0  |3 erd  |4 0  |6 891_860300000000000_RIL_1941  |7 0  |8 A  |9 260124  |a BIBEDU  |b BIBEDU  |i 5041619  |o 891.8603 RIL 1941  |p 5041619  |r 2019-11-19  |w 2019-11-19  |y BK  |z Catalogado en:20141009  |k LIT